Las 100 mejores canciones del rock argentino - Estadísticas

Estadísticas generales
  • Esta prueba ha sido intentada 170 veces
  • La puntuación promedio es 9 de 100
Estadísticas de respuestas
# Artista Canción % Correcto
2 Almendra Muchacha (ojos de papel)
67%
4 Soda Stereo De música ligera
64%
84 Andrés Calamaro Flaca
42%
77 Los Abuelosde la Nada Mil horas
42%
80 Charly García Nos siguenpegando abajo
39%
5 Los Gatos La balsa
36%
36 Sumo La rubia tarada
33%
86 Fito Páez El amor despuésdel amor
26%
57 Rata Blanca Mujer amante
26%
56 Sui Generis Canción para mi muerte
25%
37 Los Piojos El farolito
22%
51 Fabiana Cantilo Mi enfermedad
20%
100 Los AuténticosDecadentes Loco (tu forma de ser)
19%
10 León Gieco Sólo le pido a Dios
19%
98 Divididos Ala delta
18%
30 Las Pelotas Será
18%
11 La Renga El revelde
17%
35 Virus Imágenes paganas
17%
19 Attaque 77 Hacelo por mí
16%
40 Los FabulososCadillacs Matador
16%
6 Divididos El 38
14%
26 Ratones Paranoicos Rock del gato
14%
1 Charly García Cerca de la revolución
13%
9 Serú Girán Eiti Leda
13%
22 Sui Generis Rasguña las piedras
13%
66 Invisible El anillo delCapitán Beto
12%
54 Manal Jugo de tomate frío
12%
74 Soda Stereo Nada personal
11%
60 Pappo's Blues Mi vieja
10%
7 Los Piojos Pistolas
10%
25 Moris El oso
9%
45 Charly García Inconsciente colectivo
9%
85 Los EnanitosVerdes La muralla verde
9%
14 BersuitVergarabat Sr. Cobranza
9%
72 Virus Wadu Wadu
9%
17 Sumo Mañana en el Abasto
7%
44 Los Twist Pensé que se tratabade cieguitos
7%
46 La Portuaria Selva
7%
94 Illia Kuryaki &the Valderramas Abarajame
6%
34 Tango Amor de primavera
6%
92 La Renga Balada del Diabloy la Muerte
6%
13 Los Abuelosde la Nada Himno de mi corazón
6%
39 Babasónicos Irresponsables
6%
28 Catupecu Machu Magia veneno
6%
55 Vox Dei Presente (El momentoen el que estás)
6%
8 Fito Páez Yo vengo a ofrecermi corazón
6%
32 Serú Girán Canción de Aliciaen el País
5%
29 Arco Iris Mañana campestre
5%
3 Patricio Rey ySus Redonditos de Ricota Mariposa Pontiac(Rock del país)
5%
52 Almendra Rutas argentinas
5%
18 Manal Avellaneda Blues
4%
47 Divididos El arriero
4%
58 León Gieco El fantasma de Canterville
4%
90 Memphis la Blusera Moscato, pizza y fainá
4%
69 Serú Girán No llores por mí,Argentina
4%
48 Patricio Rey ySus Redonditos de Ricota Todo preso es político
4%
88 Don Cornelioy La Zona Ella vendrá
3%
76 Alejandro Lerner Todo a pulmón
3%
82 V8 Brigadas metálicas
2%
43 Juan CarlosBaglietto De regreso Mirta
2%
41 Pastoral En el hospicio
2%
20 Miguel Mateos ZAS En la cocina, huevos
2%
83 GIT Es por amor
2%
65 Nito Mestre y losDesconocidos de Siempre Fabricantede mentiras
2%
99 Todos tus muertos Gente que no
2%
33 León Gieco Hombres de hierro
2%
50 PorSuiGieco La colina de la vida
2%
21 Cantilo y Punch La gente del futuro
2%
15 Vox Dei Libros sapienciales
2%
75 Patricio Rey ySus Redonditos de Ricota Ñam Fri FruliFali Fru
2%
23 Los violadores Represión
2%
49 Billy Bond yla Pesada Salgan al Sol
2%
81 La Torre Sólo quierorock 'n' roll
2%
64 Litto Nebbia Sólo se trata de vivir
2%
73 Soda Stereo Te Hacen FaltaVitaminas
2%
95 Bersuit Vergarabat Vuelos
2%
68 Luis AlbertoSpinetta Canción paralos días de la vida
1%
16 Pescado Rabioso Cantanta depuentes amarillos
1%
12 Pappo's Blues El hombre suburbano
1%
78 Celeste Carballo Es la vida queme alcanza
1%
31 Sandro yLos de Fuego Hay mucha agitación
1%
59 Pedro y Pablo La marchade la bronca
1%
24 Andrés Calamaro Los aviones
1%
67 Crucis Los delirios delMariscal
1%
38 Los Visitantes Playas oscuras
1%
53 Los Gatos Rock de la mujer perdida
1%
97 Attaque 77 Angeles caídos
0%
79 Miguel Abuelo Buen día, día
0%
89 La Mississippi Café Madrid
0%
61 Pescado Rabioso El monstruode la laguna
0%
87 Fito Páez La casa desaparecida
0%
42 Riff Macadam3... 2... 1... 0...
0%
71 Raúl Porchetto Metegol
0%
62 La Máquina deHacer Pájaros No te dejes desanimar
0%
91 Los Pericos Párate y mira
0%
27 Los Caballerosde la Quema Patri
0%
96 Kapanga Postal
0%
70 Spinetta Jade Resumen porteño
0%
63 Polifemo Suéltate rock 'n' roll
0%
93 Gustavo Cerati Verbo carne
0%
No se encontraron pruebas coincidentes
Distribución de puntuación
Porcentaje de gente con cada puntuación
Porcentaje por número respondido
Historial de tus puntuaciones
No has intentado esta prueba.